00532nam a2200181Ia 450000500170000000800410001702000150005808200130007310000130008624500640009926000280016330000190019165000110021065000150022194200060023695200950024299900130033720240705031613.0240331s9999 xx 000 0 und d a0415146429 a170bWAR aWardy, R 4aThe birth of rhetoric :bGorgias,pleto and their successors aLondonbRoutledgec1996 aviii, 197 p ., aGender aPhilosophy cL 001040708LaWERCLbWERCLcSSCd2024-03-31l0o 170 WARp2431r2024-03-31w2024-03-31yL c768d768